Pilotes de Formule 1 - Statistiques

Statistiques générales
  • Ce quiz a été pris 221 fois
  • Le résultat moyen est 14 sur 16
Statistiques - réponses
Par images Réponse % Correct
Lewis Hamilton
97%
Pierre Gasly
96%
Esteban Ocon
95%
Max Verstappen
95%
Sebastian Vettel
95%
Charles Leclerc
93%
Fernando Alonso
91%
Alain Prost
89%
Michael Schumacher
88%
Romain Grosjean
88%
George Russell
87%
Ayrton Senna
84%
Kimi Raikkonen
81%
Nico Rosberg
81%
Jacques Villeneuve
56%
Mika Hakkinen
50%
Aucun quiz correspondant
Distribution des résultats
% des personnes avec chaque résultat
Percentile par nombre de réponses
Votre historique - résultats
Vous n’avez pas pris ce quiz